MAASAI MARA UNIVERSITY

LIBRARY CATALOGUE

Contact Us: +254 020 2685356/7 or 0774 057787

Box: 861-20500, NAROK, KENYA

Email: info@mmarau.ac.ke

_Sociological Footprints Introductory Readings in Sociology (3rd ed) (Record no. 5355)

MARC details
000 -LEADER
fixed length control field 00492nam a2200169Ia 4500
008 - FIXED-LENGTH DATA ELEMENTS--GENERAL INFORMATION
fixed length control field 151021s9999 xx 000 0 und d
020 ## - INTERNATIONAL STANDARD BOOK NUMBER
International Standard Book Number 534036694
050 ## - LIBRARY OF CONGRESS CALL NUMBER
Classification number HM 51.C3 1985
245 ## - TITLE STATEMENT
Title _Sociological Footprints Introductory Readings in Sociology (3rd ed)
250 ## - EDITION STATEMENT
Edition statement 3rd ed.
260 ## - PUBLICATION, DISTRIBUTION, ETC. (IMPRINT)
Place of publication, distribution, etc. California Wadsworth 1985
300 ## - PHYSICAL DESCRIPTION
Extent xi,451p.ill 22cm
500 ## - GENERAL NOTE
General note includes index
650 ## - SUBJECT ADDED ENTRY--TOPICAL TERM
Topical term or geographic name as entry element _sociology
700 ## - ADDED ENTRY--PERSONAL NAME
Personal name _Jeanne H. Ballantine
980 ## - EQUIVALENCE OR CROSS-REFERENCE-SERIES STATEMENT--PERSONAL NAME/TITLE [LOCAL, CANADA]
Personal name ^d20120728 04:23:28^oanne

No items available.

© 2016 Maasai Mara University.